Key to Calculus with Analytic Geometry (Record no. 301302)
[ view plain ]
| 000 -LEADER | |
|---|---|
| fixed length control field | 00417 a2200157 4500 |
| 001 - CONTROL NUMBER | |
| control field | 66229 |
| 082 ## - DEWEY DECIMAL CLASSIFICATION NUMBER | |
| Classification number | 515.15 YUS |
| 090 ## - LOCALLY ASSIGNED LC-TYPE CALL NUMBER (OCLC); LOCAL CALL NUMBER (RLIN) | |
| -- | 38515 |
| -- | 38515 |
| 100 ## - MAIN ENTRY--PERSONAL NAME | |
| Personal name | Yusuf S M. |
| 245 ## - TITLE STATEMENT | |
| Title | Key to Calculus with Analytic Geometry |
| Remainder of title | solution manual |
| Statement of responsibility, etc. | SM Yousuf |
| 260 ## - PUBLICATION, DISTRIBUTION, ETC. | |
| Place of publication, distribution, etc. | lahore |
| Name of publisher, distributor, etc. | Ilmi Kital Khana |
| Date of publication, distribution, etc. | 2001 |
| 300 ## - PHYSICAL DESCRIPTION | |
| Extent | 865 p. |
| 500 ## - GENERAL NOTE | |
| General note | CFT textbook |
| 650 ## - SUBJECT ADDED ENTRY--TOPICAL TERM | |
| Topical term or geographic name entry element | solution manual |
| 740 ## - ADDED ENTRY--UNCONTROLLED RELATED/ANALYTICAL TITLE | |
| Uncontrolled related/analytical title | instructor manual |
| 942 ## - ADDED ENTRY ELEMENTS (KOHA) | |
| Institution code [OBSOLETE] | NUST CAE |
| Koha item type | |
| Call number prefix | 515.15 YUS |
| Withdrawn status | Lost status | Damaged status | Not for loan | Collection code | Permanent Location | Current Location | Date acquired | Total Checkouts | Full call number | Barcode | Date last seen | Price effective from | Koha item type |
|---|---|---|---|---|---|---|---|---|---|---|---|---|---|
| College of Aeronautical Engineering (CAE) | College of Aeronautical Engineering (CAE) | 04/03/2017 | 515.15 YUS | CAEG-5757 | 04/05/2017 | 04/05/2017 | Book |
